مكتبة جامعة عجلون الوطنية

فهرس بحث المكتبة

التنمية المستدامة للإنتاج الحيواني والدواجن والاسماك = Sustainabla Development Livestock,Poultry and Fish Production (Record no. 33219)

MARC details
000 -LEADER
fixed length control field 01424nam a22002537a 4500
003 - CONTROL NUMBER IDENTIFIER
control field JO-AjAnu
005 - DATE AND TIME OF LATEST TRANSACTION
control field 20231202135848.0
008 - FIXED-LENGTH DATA ELEMENTS--GENERAL INFORMATION
fixed length control field 231202b jo ||||| |||| 00| 0 ara d
020 ## - INTERNATIONAL STANDARD BOOK NUMBER
International Standard Book Number 9789777283821
040 ## - CATALOGING SOURCE
Original cataloging agency JO-AjAnu
Language of cataloging ARA
Transcribing agency JO-AjAnu
Modifying agency JO-AjAnu
Description conventions RDA
041 #0 - LANGUAGE CODE
Language code of text/sound track or separate title ARA
Language code of original ARA
050 ## - LIBRARY OF CONGRESS CALL NUMBER
Classification number SF488
Item number 2019
100 #1 - MAIN ENTRY--PERSONAL NAME
Personal name الحسيني، أسامة محمد
9 (RLIN) 64584
Relator term مؤلف
245 #0 - TITLE STATEMENT
Title التنمية المستدامة للإنتاج الحيواني والدواجن والاسماك = Sustainabla Development Livestock,Poultry and Fish Production
Remainder of title مواد العلف المركزة ذات الاصل الحيواني مالها وما عليها = Concentrate Feed Stuffs ''Animal Origin'' Pros and Cons, الجزء الاول /
Statement of responsibility, etc. أسامة محمد الحسيي، جلال الدين عبد العزيز، محمد حسن بكر
250 ## - EDITION STATEMENT
Edition statement الطبعة الاولى
260 ## - PUBLICATION, DISTRIBUTION, ETC.
Place of publication, distribution, etc. القاهرة :
Name of publisher, distributor, etc. المكتب العربي للمعارف،
Date of publication, distribution, etc. 2019
300 ## - PHYSICAL DESCRIPTION
Extent 750 صفحة
500 ## - GENERAL NOTE
General note يحتوي على رسوم وصور
504 ## - BIBLIOGRAPHY, ETC. NOTE
Bibliography, etc. note يحتوي على مراجع باللغتين العربية والانجليزية
650 40 - SUBJECT ADDED ENTRY--TOPICAL TERM
Topical term or geographic name entry element الزراعة-الانتاج الحيواني-الدواجن-الاسماك
9 (RLIN) 64586
700 #1 - ADDED ENTRY--PERSONAL NAME
Personal name عبدالعزيز، جلال الدين
9 (RLIN) 64587
Relator term مؤلف مشارك
700 #1 - ADDED ENTRY--PERSONAL NAME
Personal name بكر، محمد حسن
9 (RLIN) 64588
Relator term مؤلف مشارك
942 ## - ADDED ENTRY ELEMENTS (KOHA)
Source of classification or shelving scheme Library of Congress Classification
Koha item type Reference
Suppress in OPAC No
Holdings
Withdrawn status Lost status Source of classification or shelving scheme Materials specified (bound volume or other part) Damaged status Not for loan Home library Current library Date acquired Total Checkouts Full call number Barcode Date last seen Price effective from Koha item type
    Library of Congress Classification الجزء الاول     مكتبة جامعة عجلون الوطنية مكتبة جامعة عجلون الوطنية 02/12/2023   SF488 2019 A29665 02/12/2023 02/12/2023 Reference
    Library of Congress Classification الجزء الاول     مكتبة جامعة عجلون الوطنية مكتبة جامعة عجلون الوطنية 02/12/2023   SF488 2019 A29662 02/12/2023 02/12/2023 Reference